[Event "Golden Cleopatra Open"]
[Site "Cairo EGY"]
[Date "2001.05.07"]
[Round "6"]
[White "Himdan,M"]
[Black "Hatem,I"]
[Result "1/2-1/2"]
[WhiteElo "2348"]
[BlackElo "2393"]
[EventDate "2001.05.02"]

1. c4 Nf6 2. Nc3 g6 3. g3 Bg7 4. Bg2 O-O 5. Nf3 d5 6. cxd5 Nxd5 7. O-O Nb6
8. d4 Nc6 9. d5 Nb4 10. e4 Bg4 11. h3 Bxf3 12. Bxf3 Qd7 13. a3 Na6 14. Qe2
h5 15. h4 e6 16. Be3 Rfe8 17. Rfd1 Qe7 18. Rac1 exd5 19. exd5 Nc8 20. b4
Nd6 21. Qd3 Qf6 22. Bg5 Qf5 23. Qxf5 Nxf5 24. Nb5 Rab8 25. Bf4 Bf8 26. Nxc7
Nxc7 27. Bxc7 Rbc8 28. Bf4 Bd6 29. Bxd6 Nxd6 30. Rc5 Rcd8 31. Rc7 Re5 32.
Kf1 Kg7 33. a4 a6 34. Rd3 Kf6 35. Bg2 Rde8 36. Rd1 R8e7 37. Rc2 Kf5 38. Bf3
Kf6 39. Rc5 Kf5 40. Rc3 Kf6 41. Rc5 Rf5 42. Kg2 Rfe5 43. Rcc1 Kf5 44. Rd4
Kf6 45. Kf1 Kg7 46. Rd2 Kf6 47. Rdc2 Kf5 48. Rc7 Re1+ 49. Kg2 Rxc7 50. Rxc7
Rb1 51. Rd7 Ke5 52. Re7+ Kf6 53. Rd7 Rxb4 54. Bxh5 Ke5 55. Bf3 Rxa4 56. g4
a5 57. Re7+ Kf6 58. Rd7 Ke5 59. Re7+ Kf6 60. Rd7 1/2-1/2

[Event "Golden Cleopatra Open"]
[Site "Cairo EGY"]
[Date "2001.05.07"]
[Round "6"]
[White "Chahrani,I"]
[Black "Frhat,A"]
[Result "1-0"]
[WhiteElo "2358"]
[BlackElo "2306"]
[EventDate "2001.05.02"]

1. e4 c5 2. Nf3 Nc6 3. d4 cxd4 4. Nxd4 Nf6 5. Nc3 d6 6. Be3 Ng4 7. Bb5 Nxe3
8. Nxc6 Nxd1 9. Nxd8+ Kxd8 10. Rxd1 a6 11. Bc4 e6 12. O-O b5 13. Bb3 Kc7
14. f4 Be7 15. Rd3 Bd7 16. Ne2 Rhe8 17. Ng3 Rad8 18. f5 Bf6 19. fxe6 Bxe6
20. c3 Bc4 21. Bxc4 bxc4 22. Rd2 Rd7 23. Rf5 Rde7 24. Ra5 Bh4 25. Rxa6 Bxg3
26. hxg3 Rxe4 27. Raxd6 R8e7 28. R6d4 Kb6 29. Kf2 f5 30. Rxe4 fxe4 31. Ke3
Kc5 32. b4+ cxb3 33. axb3 Rb7 34. Rb2 Kd5 35. c4+ Kc5 36. Kxe4 Re7+ 37. Kd3
Kb4 38. Re2 Rd7+ 39. Kc2 Rf7 40. Kb2 Rd7 41. Kc2 Rf7 42. Re8 Rf2+ 43. Kd3
Kxb3 44. Rb8+ Ka4 45. c5 Rf1 46. Kc4 Rc1+ 47. Kd5 h5 48. c6 Ka5 49. Kd6
Rd1+ 50. Ke6 Rc1 51. Kd7 Rd1+ 52. Kc8 Ka6 53. c7 Ka7 54. Rb7+ Ka8 55. Rb2
Ra1 56. Rd2 1-0

[Event "Golden Cleopatra Open"]
[Site "Cairo EGY"]
[Date "2001.05.07"]
[Round "6"]
[White "Sarwat,W"]
[Black "Amin,B"]
[Result "0-1"]
[WhiteElo "2356"]
[BlackElo "2133"]
[EventDate "2001.05.02"]

1. e4 e5 2. Nf3 Nc6 3. Bb5 a6 4. Ba4 Nf6 5. d3 b5 6. Bb3 Be7 7. c3 O-O 8.
Bd5 Bd6 9. Bg5 h6 10. Bh4 g5 11. Bxc6 dxc6 12. Bg3 Qe7 13. O-O Bg4 14. h3
Bh5 15. Re1 Nd7 16. Nbd2 f6 17. Qc2 Bf7 18. Nh2 h5 19. h4 Be6 20. d4 g4 21.
d5 cxd5 22. exd5 Bxd5 23. c4 bxc4 24. f4 Qh7 25. f5 Qf7 26. Ne4 Nc5 27.
Nxc5 Bxc5+ 28. Bf2 Bd4 29. Nf1 Rab8 30. Rab1 c6 31. Re2 Rb4 32. Qd1 Bf3 33.
Qe1 Bxe2 34. Qxb4 Qa7 35. Bxd4 Qxd4+ 36. Kh1 Bxf1 37. Rxf1 g3 38. Re1 Qxh4+
39. Kg1 Qh2+ 40. Kf1 Qh1+ 41. Ke2 Qxg2+ 42. Kd1 Qf3+ 43. Kc1 Qf4+ 44. Kb1
g2 45. Qd6 Qf2 46. Qd1 Rf7 47. Qc1 Rg7 48. Rg1 h4 49. Qxc4+ Kh7 50. Qc1 h3
51. Qd1 Qxf5+ 0-1

[Event "Golden Cleopatra Open"]
[Site "Cairo EGY"]
[Date "2001.05.07"]
[Round "6"]
[White "Hamed,Ah"]
[Black "Elgabry,M"]
[Result "1/2-1/2"]
[WhiteElo "2331"]
[BlackElo "2328"]
[EventDate "2001.05.02"]

1. e4 c5 2. c3 d5 3. exd5 Qxd5 4. d4 Nc6 5. Nf3 Bg4 6. Be2 cxd4 7. cxd4 e6
8. Nc3 Bb4 9. O-O Bxc3 10. bxc3 Nge7 11. h3 Bh5 12. Rb1 Qxa2 13. Rb2 Qd5
14. Rb5 Bxf3 15. Rxd5 Bxe2 16. Qxe2 exd5 17. Ba3 O-O 18. Re1 Rfe8 19. Qb5
Rab8 20. Bd6 Rbd8 21. Bxe7 Rxe7 22. Rxe7 Nxe7 23. Qxb7 Kf8 24. Qxa7 Rc8 25.
Qa5 f6 26. f4 h6 27. Kf2 Kf7 28. Ke3 Rc6 29. Kd3 Rc8 30. Qa7 Rc6 31. Qd7
Rc8 32. g4 Rc6 33. h4 Kf8 34. f5 Kf7 35. Kc2 Kf8 36. Kb3 Kf7 37. Qd8 Rc8
38. Qa5 Kf8 39. Kc2 Kf7 40. Kd3 Rc6 41. Ke3 Kf8 42. Kf4 Kf7 43. Qa1 Kf8 44.
Ke3 Kf7 45. Kd3 Kf8 46. Qe1 Kf7 47. Kc2 Kf8 48. Kb3 Kf7 49. Kb4 Nc8 50. Kb5
Na7+ 51. Ka5 Nc8 52. Qe3 Kf8 53. Qf3 Ne7 54. Kb5 Rc8 55. Kb4 Rc6 56. Kb3
Kf7 57. Kc2 Kf8 58. Kd2 Kf7 59. Ke2 Kf8 60. Kf2 Kf7 61. Kg3 Kf8 62. Kf4 Kf7
63. g5 fxg5+ 64. hxg5 hxg5+ 65. Kxg5 Rf6 66. Qh5+ Kf8 67. Kf4 Rh6 68. Qf3
Rf6 69. Ke5 Kf7 70. Qh5+ Kf8 71. Qh3 Kf7 72. Qg4 Kf8 73. c4 dxc4 74. Qh3
Nxf5 75. Qa3+ Kf7 76. Qa7+ Kg6 77. d5 Nd6 78. Qg1+ Kf7 79. Qa7+ Kg8 80. Qc7
1/2-1/2

[Event "Golden Cleopatra Open"]
[Site "Cairo EGY"]
[Date "2001.05.07"]
[Round "6"]
[White "Georg,Ma"]
[Black "Hassan,Say"]
[Result "0-1"]
[WhiteElo "2277"]
[BlackElo "2363"]
[EventDate "2001.05.02"]

1. e4 e6 2. d3 d5 3. Nd2 c5 4. Ngf3 Nc6 5. g3 Nf6 6. Bg2 b6 7. O-O Bb7 8.
Re1 Be7 9. c3 h6 10. h4 Qc7 11. Qe2 O-O-O 12. a3 c4 13. d4 Nxe4 14. Nxe4
dxe4 15. Ne5 Nxe5 16. dxe5 Bd5 17. Be3 Qxe5 18. a4 Qc7 19. a5 b5 20. b3 f5
21. bxc4 Bxc4 22. Qb2 Bc5 23. a6 g5 24. Bd4 e5 25. Bxc5 Qxc5 26. Bh3 g4 27.
Bf1 Bxf1 28. Kxf1 Rd5 29. c4 Qxc4+ 30. Kg1 Qd4 31. Rec1+ Kb8 32. Qc2 Qb6
33. Rab1 Rhd8 34. Qc3 f4 35. gxf4 exf4 36. Kh1 e3 37. fxe3 fxe3 38. Qe1 Qe6
39. Qg3+ Qe5 40. Qxg4 Rd4 41. Qg2 Qd5 42. Kg1 b4 43. Qxd5 R8xd5 44. Kf1
Rxh4 45. Ke2 Ra5 46. Rc6 Re5 47. Rbc1 Rh2+ 48. Kf3 Rf2+ 49. Kg4 Rf8 50.
R6c4 Rg5+ 51. Kh4 Rb5 52. Re4 Rb6 53. Ra1 b3 54. Rxe3 b2 55. Rb1 Rf4+ 56.
Kg3 Rfb4 57. Re8+ Kc7 58. Re7+ Kc6 59. Rxa7 Kb5 60. Ra8 Rxa6 61. Rb8+ Rb6
62. Rf8 Ka4 63. Kf3 Kb3 64. Ke3 Kc2 65. Rff1 Re6+ 0-1

[Event "Golden Cleopatra Open"]
[Site "Cairo EGY"]
[Date "2001.05.07"]
[Round "6"]
[White "Ezat,M"]
[Black "Yousry,S"]
[Result "0-1"]
[WhiteElo "2332"]
[BlackElo "2274"]
[EventDate "2001.05.02"]

1. d4 d5 2. c4 c6 3. Nc3 dxc4 4. e4 b5 5. a4 b4 6. Na2 Nf6 7. e5 Nd5 8.
Bxc4 e6 9. Nf3 Be7 10. O-O Nd7 11. Bd2 a5 12. Nc1 Bb7 13. Nb3 O-O 14. Bd3
Ba6 15. Bxa6 Rxa6 16. Rc1 Qb6 17. Qe2 Rc8 18. Rc2 Ra7 19. Bg5 Bf8 20. Nfd2
c5 21. dxc5 Qb8 22. c6 Nxe5 23. Rfc1 f6 24. Be3 Rac7 25. Qb5 Qxb5 26. axb5
a4 27. Nd4 b3 28. N2xb3 axb3 29. Nxb3 Rb8 30. Nd4 Kf7 31. Ra1 Nd3 32. Rd2
N3b4 33. Ra5 e5 34. Nb3 Nxe3 35. fxe3 Ke6 36. Nc1 Bc5 37. Kf2 Nd5 38. Ke2
Bb4 39. Rxd5 Kxd5 40. e4+ Kd6 0-1

[Event "Golden Cleopatra Open"]
[Site "Cairo EGY"]
[Date "2001.05.08"]
[Round "7"]
[White "Sulava,N"]
[Black "Komarov,D"]
[Result "0-1"]
[WhiteElo "2526"]
[BlackElo "2539"]
[EventDate "2001.05.02"]

1. d4 d5 2. Nf3 Nf6 3. c4 c6 4. Nc3 dxc4 5. a4 Bf5 6. e3 e6 7. Bxc4 Bb4 8.
O-O O-O 9. Qe2 Bg6 10. Ne5 Nbd7 11. Nxg6 hxg6 12. Rd1 Qa5 13. Na2 Qxa4 14.
e4 Qa5 15. Nxb4 Qxb4 16. b3 Rfe8 17. Ba3 Qb6 18. e5 Nd5 19. Qg4 Nb4 20.
Rac1 Qa5 21. Bb2 Nd5 22. h4 Nf8 23. Ra1 Qd8 24. Ba3 b5 25. Bd3 b4 26. Bc1
Nc3 27. Re1 c5 28. Be3 a5 29. Bc4 cxd4 30. Bxd4 Qc7 31. Qf3 Rec8 32. Bxc3
bxc3 33. Ra4 c2 34. h5 gxh5 35. Qxh5 Ng6 36. Raa1 a4 37. Rac1 Qb7 38. Qf3
Qxf3 39. gxf3 axb3 40. Bxb3 Rc3 41. Re3 Rac8 42. Ba4 Nh4 43. f4 Nf3+ 44.
Kf1 Nd4 45. Ke1 R3c4 46. Ra3 Rxa4 0-1

[Event "Golden Cleopatra Open"]
[Site "Cairo EGY"]
[Date "2001.05.08"]
[Round "7"]
[White "Velicka,P"]
[Black "Mirzoev,A"]
[Result "1/2-1/2"]
[WhiteElo "2451"]
[BlackElo "2488"]
[EventDate "2001.05.02"]

1. e4 d5 2. exd5 Qxd5 3. Nc3 Qa5 4. Bc4 Nf6 5. d3 Bg4 6. f3 Bh5 7. Bd2 c6
8. Qe2 Nbd7 9. Nb5 Qb6 10. Nd6+ Kd8 11. Nxf7+ Bxf7 12. Bxf7 Qxb2 13. Rc1 e5
14. Nh3 Bc5 15. Nf2 Kc7 16. O-O Rhf8 17. Bb3 Qd4 18. Kh1 Rae8 19. Ne4 Nxe4
20. fxe4 Rxf1+ 21. Rxf1 Rf8 22. c3 Rxf1+ 23. Qxf1 Qf2 24. Qxf2 Bxf2 25. g3
b5 26. Kg2 Bb6 27. Kf3 Kd6 28. Bg8 Nf6 29. Bf7 a5 30. g4 a4 31. a3 h6 32.
g5 hxg5 33. Bxg5 Nd7 34. Ke2 Bc5 1/2-1/2

[Event "Golden Cleopatra Open"]
[Site "Cairo EGY"]
[Date "2001.05.08"]
[Round "7"]
[White "Khamrakulov,I"]
[Black "Kasparov,S"]
[Result "1/2-1/2"]
[WhiteElo "2451"]
[BlackElo "2456"]
[EventDate "2001.05.02"]

1. e4 c5 2. c3 d5 3. exd5 Qxd5 4. d4 Nf6 5. Na3 cxd4 6. Nb5 Na6 7. Qxd4
Qxd4 8. Nxd4 e6 9. Bb5+ Bd7 10. Bxa6 bxa6 11. Ngf3 Bc5 12. Bg5 h6 13. Bxf6
gxf6 14. O-O O-O 15. Nb3 Bb6 16. c4 Rab8 17. Rac1 a5 18. Rfd1 Ba4 19. Rd3
Rfd8 20. Rxd8+ Rxd8 21. Kf1 e5 22. Ke2 Bc6 23. Na1 Bc5 24. Nb3 Bb6 25. Na1
Rb8 26. Rd1 Bc5 27. Nb3 Be7 28. Rd2 a4 29. Nc1 Rb4 30. b3 axb3 31. axb3 a5
32. Nh4 Be4 33. Ra2 f5 34. Nf3 Bxf3+ 35. gxf3 Bd8 36. Ra4 Rb7 37. c5 Rb5
38. Rc4 Kf8 39. Kd3 Ke7 40. Kc2 Ke6 1/2-1/2

[Event "Golden Cleopatra Open"]
[Site "Cairo EGY"]
[Date "2001.05.08"]
[Round "7"]
[White "Bakre,T"]
[Black "Fominyh,A"]
[Result "1/2-1/2"]
[WhiteElo "2419"]
[BlackElo "2571"]
[EventDate "2001.05.02"]

1. e4 c5 2. Nf3 Nc6 3. d4 cxd4 4. Nxd4 Qc7 5. Nc3 e6 6. g3 a6 7. Bg2 Nf6 8.
O-O Nxd4 9. Qxd4 Bc5 10. Bf4 d6 11. Qd2 h6 12. Rad1 e5 13. Be3 Bg4 14. Bxc5
dxc5 15. f3 Be6 16. Nd5 Bxd5 17. exd5 Qd6 18. f4 O-O 19. fxe5 Qxe5 20. d6
Qxb2 21. c4 Qxd2 22. Rxd2 Rab8 23. a4 Nd7 24. Rb2 Rfd8 25. Rxb7 Rxb7 26.
Bxb7 Nb6 27. Bxa6 Nxa4 28. Bb5 Nc3 29. Rf5 Rxd6 30. Rxc5 Rd1+ 31. Kg2 Rd2+
32. Kg1 Rd1+ 33. Kg2 1/2-1/2

[Event "Golden Cleopatra Open"]
[Site "Cairo EGY"]
[Date "2001.05.08"]
[Round "7"]
[White "El Ghazali,Y"]
[Black "Abdel Razik,K"]
[Result "1/2-1/2"]
[WhiteElo "2343"]
[BlackElo "2365"]
[EventDate "2001.05.02"]

1. c4 g6 2. Nc3 Bg7 3. d3 Nc6 4. g3 e5 5. Bg2 f5 6. e4 Nf6 7. exf5 gxf5 8.
Nd5 O-O 9. Bg5 d6 10. Ne2 Ne7 11. d4 e4 12. Nxf6+ Bxf6 13. Bxf6 Rxf6 14.
Nf4 Ng6 15. Qd2 c6 16. O-O Be6 17. d5 Nxf4 18. Qxf4 cxd5 19. Rfd1 dxc4 20.
Rxd6 Qf8 21. Bf1 Rc8 22. Qe5 Qf7 23. Rad1 Kg7 24. Be2 b6 25. h4 h6 26. R1d2
Rc5 27. Qf4 c3 28. bxc3 Rxc3 29. Bb5 Rc7 30. Rd8 Re7 31. a4 Bc4 32. R8d7
Bxb5 33. Rxe7 Qxe7 34. axb5 Qe8 35. Rd5 Qe6 36. Rd8 Kg6 37. Rh8 Kg7 38. Ra8
Kg6 39. Rxa7 Qd5 40. Qe3 Qd1+ 41. Kg2 Qd5 42. Qe2 Rf7 43. h5+ Kh7 44. Rxf7+
Qxf7 45. Qe3 Qxh5 46. Qxb6 Qf3+ 47. Kh2 Qh5+ 48. Kg1 Qd1+ 49. Kg2 Qf3+ 50.
Kg1 Qd1+ 51. Kh2 Qh5+ 1/2-1/2

[Event "Golden Cleopatra Open"]
[Site "Cairo EGY"]
[Date "2001.05.08"]
[Round "7"]
[White "Mahdi,K"]
[Black "Amin,B"]
[Result "1-0"]
[WhiteElo "2354"]
[BlackElo "2133"]
[EventDate "2001.05.02"]

1. e4 e5 2. Nf3 Nc6 3. Bb5 a6 4. Ba4 Nf6 5. d3 b5 6. Bb3 Be7 7. O-O d6 8.
c3 O-O 9. Re1 Bg4 10. h3 Bh5 11. Nbd2 h6 12. Nf1 g5 13. Ne3 Bg6 14. a3 Qd7
15. Nh2 h5 16. Qf3 Nd8 17. Nf5 Nh7 18. Nf1 Ne6 19. Bd5 Rab8 20. Bc6 Qd8 21.
N1e3 Nf4 22. Nd5 Bxf5 23. exf5 Nxd5 24. Bxd5 h4 25. Qh5 Kg7 26. Bd2 Qd7 27.
Qf3 Bf6 28. Bc6 Qe7 29. b4 Rfd8 30. a4 bxa4 31. Rxa4 d5 32. Rxa6 Qd6 33. b5
e4 34. Qe2 Qe5 35. Qg4 1-0

[Event "Golden Cleopatra Open"]
[Site "Cairo EGY"]
[Date "2001.05.08"]
[Round "7"]
[White "Hassan,Say"]
[Black "Tissir,M"]
[Result "0-1"]
[WhiteElo "2363"]
[BlackElo "2352"]
[EventDate "2001.05.02"]

1. e4 c5 2. b3 Nf6 3. e5 Nd5 4. Bb2 Nc6 5. Nf3 a6 6. Ng5 e6 7. h4 Qc7 8. c4
Nde7 9. Qh5 Nxe5 10. Nxe6 dxe6 11. Bxe5 Qd8 12. Bb2 Nf5 13. Nc3 Bd7 14.
O-O-O Bc6 15. Rh3 g6 16. Qe2 Bg7 17. h5 Qe7 18. g4 Nd4 19. Qe3 O-O-O 20. h6
Bf6 21. Bd3 Rhe8 22. Be4 Bh8 23. Ba3 Bxe4 24. Nxe4 b6 25. g5 Qc7 26. Nc3
Kb8 27. Qe4 Nf5 28. Rd3 Rxd3 29. Qxd3 Rd8 30. Qf3 Rd4 31. Bb2 Rf4 32. Qg2
Nd4 33. Re1 Ka7 34. Qg3 Nf5 35. Qg2 Nd4 36. Qg3 Nf5 37. Qg2 Bd4 38. Re2 Nh4
39. Qh2 Nf3 40. Qg3 Ne5 41. Kc2 Rg4 42. Nb5+ axb5 43. Bxd4 Rxg3 44. Bxe5
Qd7 45. fxg3 bxc4 46. Rf2 cxb3+ 47. axb3 Ka6 48. Bc3 Kb5 49. Rf4 Qe7 50.
Bf6 Qd7 51. Bc3 Kc6 52. d3 Kb5 53. Rf6 Qe7 54. Be5 Qb7 55. Bc3 Qe7 56. Be5
Kc6 57. Bc3 Kd5 58. Bd2 b5 59. Rf4 e5 60. Re4 f6 61. gxf6 Qxf6 62. g4 g5
63. Bc3 Qf2+ 64. Kb1 Qf1+ 65. Kc2 Qg2+ 66. Kb1 Qh1+ 67. Kc2 Qh2+ 68. Kb1
Qxh6 69. Rxe5+ Kd6 70. Rf5 Qh1+ 71. Kc2 Qg2+ 72. Bd2 Qxg4 73. Rxg5 Qe2 74.
Rg7 c4 75. bxc4 bxc4 76. dxc4 Qxc4+ 77. Bc3 Qe4+ 78. Kd2 h5 79. Rg3 h4 80.
Re3 Qg2+ 81. Ke1 h3 82. Be5+ Kd5 83. Re2 Qg1+ 84. Kd2 Qg5+ 85. Ke1 Qc1+ 86.
Kf2 Qh1 87. Kg3 Qf1 88. Re3 Qg1+ 89. Kf3 Qg2+ 90. Kf4 Qf2+ 91. Rf3 Qh4+ 92.
Ke3 Kxe5 0-1

[Event "Golden Cleopatra Open"]
[Site "Cairo EGY"]
[Date "2001.05.08"]
[Round "7"]
[White "Adly,A"]
[Black "Himdan,M"]
[Result "0-1"]
[WhiteElo "2209"]
[BlackElo "2348"]
[EventDate "2001.05.02"]

1. d4 Nf6 2. c4 g6 3. Nc3 Bg7 4. g3 O-O 5. Bg2 d6 6. e4 Nbd7 7. Nge2 e5 8.
d5 a5 9. f3 Nc5 10. Be3 Nfd7 11. O-O f5 12. Rb1 b6 13. Qd2 Nf6 14. b3 Bd7
15. a3 fxe4 16. fxe4 Ng4 17. Bg5 Rxf1+ 18. Bxf1 Bf6 19. Bxf6 Qxf6 20. Nc1
Rf8 21. Bg2 Nf2 22. Qe2 Nh3+ 23. Kh1 Qg5 24. Nd1 Bg4 25. Qe1 Bxd1 26. Bxh3
Nxe4 27. Bg2 Nf2+ 28. Kg1 Bg4 29. h4 Qh6 30. Rb2 Nd1 31. Rd2 Ne3 32. Nd3
Nxg2 33. Kxg2 Qh5 34. Rf2 Bf3+ 35. Kh2 e4 36. Nb2 g5 37. Qg1 Rf4 38. Rxf3
Rxf3 39. Qd4 gxh4 40. Qxe4 hxg3+ 41. Kg2 Rf2+ 0-1

[Event "Golden Cleopatra Open"]
[Site "Cairo EGY"]
[Date "2001.05.08"]
[Round "7"]
[White "Abdel Aziem,R"]
[Black "Hamed,Ah"]
[Result "0-1"]
[WhiteElo "2269"]
[BlackElo "2331"]
[EventDate "2001.05.02"]

1. e4 e5 2. Nf3 Nc6 3. d4 exd4 4. Nxd4 Bc5 5. Nxc6 bxc6 6. Bc4 Qh4 7. Qf3
d5 8. Bd3 Nf6 9. exd5 O-O 10. O-O cxd5 11. Bf4 c6 12. Nc3 Nh5 13. Bg3 Nxg3
14. Qxg3 Qh6 15. Qf3 Rb8 16. h3 Bd6 17. Nd1 Rb4 18. c4 d4 19. b3 c5 20. Nb2
f5 21. Rfe1 Bb7 22. Qe2 Qg5 23. f3 Bc8 24. Bc2 Qg3 25. Qf2 Qh2+ 26. Kf1 Bg3
27. Qg1 Qxg1+ 28. Kxg1 Bxe1 29. Rxe1 Rb6 30. Nd3 Re6 31. Rxe6 Bxe6 32. Nxc5
Kf7 33. Kf2 Re8 34. Bd3 Bc8 35. Be2 a5 36. Ke1 Ke7 37. Kd2 Kd6 38. Nd3 g5
39. Ne1 Rd8 40. a3 Ke5 41. Nd3+ Kd6 42. b4 axb4 43. axb4 Be6 44. Nc5 Ra8
45. Nb7+ Kc7 46. Na5 Rb8 47. b5 Ra8 48. Nc6 Ra2+ 49. Ke1 Ra4 50. Nxd4 Bxc4
51. Bxc4 Rxc4 52. Nxf5 Rc2 53. Kf1 Rb2 54. Kg1 Rxb5 55. Ng3 Kd6 56. Ne4+
Ke6 57. Kh2 h6 58. Kg3 Rb2 59. Nc5+ Kf5 60. Ne4 h5 61. Nd6+ Ke6 62. Ne4 h4+
63. Kh2 Kf5 64. Nd6+ Kf4 65. Ne4 Rb5 66. Nc3 Ra5 67. Nd1 Ra8 68. Nf2 Ke3
69. Ng4+ Ke2 70. Ne5 Kf1 71. f4 Ra2 72. f5 Rxg2+ 73. Kh1 Kf2 74. Nf7 Kg3
75. Nxg5 Re2 0-1

[Event "Golden Cleopatra Open"]
[Site "Cairo EGY"]
[Date "2001.05.08"]
[Round "7"]
[White "Afifi,As"]
[Black "Sarwat,W"]
[Result "1-0"]
[WhiteElo "2326"]
[BlackElo "2356"]
[EventDate "2001.05.02"]

1. d4 Nf6 2. c4 e6 3. Nf3 b6 4. g3 Bb7 5. Bg2 d5 6. Ne5 Be7 7. Nc3 O-O 8.
O-O Qc8 9. cxd5 exd5 10. Bg5 Qe6 11. Nd3 c6 12. Qb3 h6 13. Bxf6 Bxf6 14.
Nf4 Qd6 15. e3 Na6 16. Rfd1 Rad8 17. Rac1 Qb4 18. Qc2 g6 19. a3 Qe7 20. b4
Nc7 21. Qb3 Ne6 22. Nd3 Ng5 23. b5 cxb5 24. Nxb5 Ba6 25. Nf4 Bxb5 26. Qxb5
Qxa3 27. Nxd5 Bg7 28. Ra1 Qd6 29. Rxa7 Rb8 30. h4 Ne6 31. Rc1 Rfd8 32. Rc6
Qf8 33. Ne7+ Kh7 34. Rxb6 Rxb6 35. Qxb6 Nxd4 36. h5 Rb8 37. hxg6+ Kh8 38.
Rb7 Rxb7 39. Qxb7 Ne6 40. gxf7 Qxf7 41. Bd5 Qf6 42. Bxe6 Qxe6 43. Qc8+ Qxc8
44. Nxc8 Bf8 45. Nb6 Kg7 46. Kg2 h5 47. Nd5 Kg6 48. e4 Bc5 49. Nf4+ Kh6 50.
Ne6 Bb4 51. f4 Kg6 52. Kf3 Bc3 53. Nc7 Bb2 54. Nd5 Bd4 55. Ne3 Bc3 56. e5
Be1 57. Ng2 Bb4 58. Nh4+ Kf7 59. f5 Bc3 60. Ng6 Kg7 61. Ke4 Be1 62. Nf4 Kh6
63. e6 1-0

[Event "Golden Cleopatra Open"]
[Site "Cairo EGY"]
[Date "2001.05.08"]
[Round "7"]
[White "Frhat,A"]
[Black "Ezat,M"]
[Result "1/2-1/2"]
[WhiteElo "2306"]
[BlackElo "2332"]
[EventDate "2001.05.02"]

1. e4 c6 2. d4 d5 3. exd5 cxd5 4. Bd3 Nc6 5. c3 Qc7 6. f4 Nh6 7. Qb3 Nxd4
8. Qxd5 Nhf5 9. Na3 e6 10. Nb5 Nxb5 11. Bxb5+ Bd7 12. Bxd7+ Qxd7 13. Qxd7+
Kxd7 14. Nf3 Bd6 15. Ke2 Rac8 16. Rd1 1/2-1/2

[Event "Golden Cleopatra Open"]
[Site "Cairo EGY"]
[Date "2001.05.09"]
[Round "8"]
[White "Mirzoev,A"]
[Black "Marin,M"]
[Result "1/2-1/2"]
[WhiteElo "2488"]
[BlackElo "2601"]
[EventDate "2001.05.02"]

1. c4 f5 2. Nf3 Nf6 3. g3 g6 4. Bg2 Bg7 5. O-O O-O 6. Nc3 d6 7. d4 c6 8. d5
e5 9. dxe6 Bxe6 10. Qd3 Re8 11. Bf4 1/2-1/2

[Event "Golden Cleopatra Open"]
[Site "Cairo EGY"]
[Date "2001.05.09"]
[Round "8"]
[White "Khamrakulov,I"]
[Black "Velicka,P"]
[Result "1/2-1/2"]
[WhiteElo "2451"]
[BlackElo "2451"]
[EventDate "2001.05.02"]

1. e4 c6 2. c4 d5 3. exd5 cxd5 4. cxd5 Nf6 5. Nc3 Nxd5 6. Bc4 Nb4 7. d3 Bf5
8. Ne4 N8c6 9. Nf3 e6 10. a3 Nd5 11. Qb3 a6 12. Bg5 f6 13. Be3 Na5 14. Qa2
Nxc4 15. Qxc4 Nxe3 16. fxe3 Rc8 17. Qb3 Qd5 18. Qxd5 exd5 19. Nf2 Be6 20.
Kd2 Kf7 21. Rhf1 Re8 22. Nd1 Bd7 23. h3 Ba4 24. d4 Bb5 25. Rh1 Bd6 26. Nc3
Bc4 27. Ne1 Re7 28. Nd3 Rhe8 29. Rhe1 Bg3 30. Re2 g5 31. Rb1 Bb3 32. Nc1
Bc4 33. Nd3 Bb3 34. Nc1 Bc4 35. Nd3 1/2-1/2

[Event "Golden Cleopatra Open"]
[Site "Cairo EGY"]
[Date "2001.05.09"]
[Round "8"]
[White "Fominyh,A"]
[Black "Radulov,I"]
[Result "1-0"]
[WhiteElo "2571"]
[BlackElo "2390"]
[EventDate "2001.05.02"]

1. c4 Nf6 2. Nf3 e6 3. g3 d5 4. Bg2 c5 5. cxd5 exd5 6. d4 Nc6 7. O-O Be7 8.
Nc3 O-O 9. dxc5 Bxc5 10. Na4 Be7 11. Be3 Re8 12. Rc1 Bf5 13. Nd4 Nxd4 14.
Bxd4 Be4 15. Bh3 Qa5 16. a3 h6 17. Nc3 Nh7 18. f3 Bg6 19. b4 Qd8 20. Bf2
Ng5 21. Bg2 Qd7 22. Nxd5 Nh3+ 23. Bxh3 Qxh3 24. Nf4 Qf5 25. e4 Qg5 26. Nxg6
Qxg6 27. Rc7 a5 28. Qb3 axb4 29. axb4 Rad8 30. b5 Bf6 31. Rd1 Be5 32. Rxb7
Qe6 33. Rxd8 Qxb3 34. Rxe8+ Kh7 35. Rxe5 Qxf3 36. Ree7 1-0

[Event "Golden Cleopatra Open"]
[Site "Cairo EGY"]
[Date "2001.05.09"]
[Round "8"]
[White "Mahdi,K"]
[Black "Bakre,T"]
[Result "0-1"]
[WhiteElo "2354"]
[BlackElo "2419"]
[EventDate "2001.05.02"]

1. e4 c5 2. Nf3 d6 3. c3 Nf6 4. Bd3 Bg4 5. Bc2 Nc6 6. d3 e6 7. h3 Bh5 8.
Nbd2 d5 9. Qe2 Qc7 10. g4 Bg6 11. Nh4 Bd6 12. Ndf3 O-O-O 13. Bd2 c4 14.
Nxg6 cxd3 15. Bxd3 hxg6 16. O-O-O Ne5 17. Nxe5 Bxe5 18. exd5 Nxd5 19. Be4
Bf4 20. Qf3 Bxd2+ 21. Rxd2 Nf4 22. Rhd1 Rxd2 23. Rxd2 e5 24. h4 Kb8 25. Qd1
Kc8 26. Qa4 a6 27. Qb4 Ne6 28. Bd5 Nd8 29. g5 Kb8 30. Qe4 Qe7 31. Re2 f6
32. gxf6 gxf6 33. Qxg6 Rxh4 34. Rd2 Rh8 35. Qf5 Nf7 36. Qe6 Qxe6 37. Bxe6
Ng5 38. Bd5 Rh4 39. Kc2 e4 40. Re2 f5 41. Kd2 Rh3 42. Re3 Rh2 43. Rg3 Nh3
44. Rg7 Rxf2+ 45. Ke3 Rf3+ 46. Kd4 Nf4 47. Rxb7+ Kc8 48. Bc6 Ne6+ 49. Ke5
Nd8 50. Bxe4 fxe4 51. Kxe4 Rxc3 52. Rh7 Rc2 53. Ra7 Nb7 54. Kd3 Rh2 55.
Ra8+ Kc7 56. Kc3 Kb6 57. Rg8 Nc5 58. Rg4 Rh1 59. Rb4+ Kc6 60. Rg4 Rh2 61.
a3 Kb5 62. Rb4+ Ka5 63. b3 Rh3+ 64. Kc2 Ne6 65. Rg4 Kb5 66. Rb4+ Kc5 67.
Rc4+ Kd5 68. Ra4 Nd4+ 69. Kd1 Rh1+ 0-1

[Event "Golden Cleopatra Open"]
[Site "Cairo EGY"]
[Date "2001.05.09"]
[Round "8"]
[White "Surjadnji,A"]
[Black "El Ghazali,Y"]
[Result "1-0"]
[WhiteElo "2431"]
[BlackElo "2343"]
[EventDate "2001.05.02"]

1. d4 Nf6 2. Nf3 c5 3. d5 d6 4. c4 e6 5. Nc3 exd5 6. cxd5 g6 7. Nd2 Bg7 8.
e4 O-O 9. Be2 a6 10. a4 Nfd7 11. O-O g5 12. Bg4 Ne5 13. Bxc8 Qxc8 14. Nf3
Nxf3+ 15. Qxf3 h6 16. Qg3 Qd8 17. f4 f6 18. Be3 Qe7 19. fxg5 fxg5 20. Rxf8+
Kxf8 21. h4 gxh4 22. Qg6 Nd7 23. Bxh6 Kg8 24. Bxg7 Qxg7 25. Qe6+ Kh8 26.
Qh3 Qe7 27. Rf1 Rf8 28. Rxf8+ Nxf8 29. Qg4 Kh7 30. Nd1 Ng6 31. Ne3 Qf6 32.
Qd7+ Kg8 33. Nf5 Qxb2 34. Qe6+ Kh8 35. Qxg6 Qa1+ 36. Kh2 Qe5+ 37. Kh3 c4
38. Nxd6 Qc3+ 39. g3 Qg7 40. Qxg7+ Kxg7 41. Nxc4 1-0

[Event "Golden Cleopatra Open"]
[Site "Cairo EGY"]
[Date "2001.05.09"]
[Round "8"]
[White "Elgabry,M"]
[Black "Georg,Ma"]
[Result "1/2-1/2"]
[WhiteElo "2328"]
[BlackElo "2277"]
[EventDate "2001.05.02"]

1. b3 e5 2. Bb2 Nc6 3. e3 d5 4. Bb5 f6 5. d4 e4 6. c4 a6 7. cxd5 Qxd5 8.
Bc4 Qg5 9. Kf1 Bd6 10. h4 Qg6 11. h5 Qh6 12. Bd5 f5 13. Bxc6+ bxc6 14. Qc2
Ne7 15. Nd2 O-O 16. g3 Be6 17. Nc4 Nd5 18. Ne2 g5 19. Nxd6 cxd6 20. Ba3 Bd7
21. Ke1 a5 22. Qc4 Rf7 23. Kd2 Nb6 24. Qc3 Nd5 25. Qc4 Nb6 26. Qc1 Qe6 27.
h6 Rf6 28. Rh5 Rg6 29. Qc3 Nd5 30. Qc4 Nf6 31. Qxe6+ Bxe6 32. Rhh1 Ng4 33.
Bxd6 Bxb3 34. Be7 Bc4 35. Rh5 Rb8 36. Ba3 Kf7 37. Rc1 Bxa2 38. Rc5 Bd5 39.
Nc3 Nf6 40. Rh1 a4 41. Ra5 Rb7 42. Nxa4 Rg8 43. Nc5 Rbb8 44. Ra7+ Kg6 45.
Nd7 Nxd7 46. Rxd7 Rbd8 47. Re7 Rde8 48. Rd7 Rd8 49. Re7 Rde8 50. Rd7
1/2-1/2

[Event "Golden Cleopatra Open"]
[Site "Cairo EGY"]
[Date "2001.05.09"]
[Round "8"]
[White "Adly,A"]
[Black "Frhat,A"]
[Result "0-1"]
[WhiteElo "2209"]
[BlackElo "2306"]
[EventDate "2001.05.02"]

1. d4 d5 2. Nf3 Nf6 3. e3 c5 4. b3 Nc6 5. Bb2 Bg4 6. Nbd2 cxd4 7. exd4 Ne4
8. Be2 Nxd2 9. Qxd2 g6 10. O-O Bg7 11. h3 Bf5 12. Rfe1 O-O 13. Rad1 Qa5 14.
Qxa5 Nxa5 15. c3 Rfc8 16. Bb5 a6 17. Bf1 Bf8 18. g4 Bd7 19. Ne5 Bb5 20. Bg2
e6 21. g5 h5 22. h4 Rc7 23. Bh3 Be8 24. Rd3 Nc6 25. f4 Nxe5 26. fxe5 Rac8
27. Rf3 a5 28. Ref1 Bg7 29. a3 b5 30. R1f2 Rb8 31. Bf1 Bf8 32. Bd3 Be7 33.
Kf1 Rbc8 34. Be2 Ra8 35. Ke1 Bd8 36. Bd3 Rac8 37. Bxg6 Bxg5 38. Bxf7+ Rxf7
39. hxg5 Rxf3 40. Rxf3 Bg6 41. Bc1 Bf5 42. Bd2 Kg7 43. Kf2 h4 44. Kg1 Kg6
45. Rf1 Rh8 46. Ra1 h3 47. Kh2 Rh4 48. b4 Re4 49. Re1 Rxe1 50. Bxe1 a4 51.
Bd2 Bg4 52. Kg3 Kf5 53. g6 Kxg6 54. Be3 Kf5 55. Bg1 Bh5 56. Kxh3 Ke4 57.
Kh4 Bg6 58. Kg5 Bf5 59. Kf6 Kd3 60. Ke7 Kxc3 61. Kd6 Kb3 62. Kc5 Kxa3 63.
Kxb5 Kb3 64. Kc5 Bd3 65. Kd6 a3 0-1